000 00691nam a2200157 a 4500
008 080512s2002 ||||||||||||||||| || u
050 _aIBRD(058)GEP/2002
110 _aWorld Bank
245 1 0 _aGlobal economic prospects and the developing countries 2002: making trade work for the world's poor
260 _aWashington, D. C.:
_bWorld Bank
_c2002
350 _a0.00
650 0 _aECONOMIC FORECASTING--DEVELOPING COUNTRIES
650 0 _aDEVELOPING COUNTRIES--ECONOMIC CONDITIONS
650 0 _aINTERNATIONAL ECONOMIC RELATIONS
995 _D0.00
_FCBU-MAIN LIBRARY (Kitwe)
_H1
_I0.00
_M1
_UAVAILABLE
_WMay 12, 2008
_ZInternational Publications
999 _c44645
_d44645